Regionálna spolupráca krajín Západného Balkánu bakalárska práca

Gespeichert in:
Bibliographische Detailangaben
1. Verfasser: Jesenský, Branislav
Körperschaft: Fakulta medzinárodných vzťahov EU. Katedra medzinárodných ekonomických vzťahov a hospodárskej diplomacie
Weitere Verfasser: Holzerová, Petra
Format: Buch
Sprache:Slowakisch
Veröffentlicht: Bratislava 2011
Tags: Tag hinzufügen
Keine Tags, Fügen Sie das erste Tag hinzu!

MARC

LEADER 00000nbm a2200000 4500
001 0131164
005 20170120131133.9
041 0 |a slo 
044 |a SK 
245 1 0 |a Regionálna spolupráca krajín Západného Balkánu  |b bakalárska práca  |c Branislav Jesenský ; školiteľ: Petra Holzerová 
264 1 |a Bratislava  |c 2011 
300 |a 67 s. 
100 1 |a Jesenský, Branislav 
700 1 |a Holzerová, Petra 
710 2 |a Fakulta medzinárodných vzťahov EU. Katedra medzinárodných ekonomických vzťahov a hospodárskej diplomacie